| 000 | 00428nam a2200181Ia 4500 | ||
|---|---|---|---|
| 003 | GCL | ||
| 008 | 140319s9999 xx 000 0 eng d | ||
| 040 |
_aGCL / _cGCL |
||
| 082 | 0 | 4 |
_a746.432 _bG K |
| 100 | 1 | _aGAMMON, JOY | |
| 245 | 1 | 0 |
_aKMITTED DOGS / _cGAMMON, JOY |
| 260 |
_a[S.N] : _bSEARCH PRESS ، _c1991 |
||
| 300 | _a32 | ||
| 650 | 0 | 4 | _aKMITTED DOGS |
| 650 | 0 | 4 | _aNEDDLE WORKS |
| 650 | 0 | 4 | _aKMITTED |
| 942 |
_2ddc _cBK |
||
| 999 |
_c25655 _d25655 |
||